| 000 | 00555nam a2200193Ia 4500 | ||
|---|---|---|---|
| 999 |
_c41505 _d41505 |
||
| 001 | 8172 | ||
| 003 | GE_BSU | ||
| 005 | 20240402150223.0 | ||
| 008 | 181216s2012||||enk|||||||||||||| ||eng|| | ||
| 020 | _a9781937271169 | ||
| 040 | _cGE_BSU | ||
| 080 | _a316 C-52 | ||
| 100 |
_aChrist, Jesus _921683 |
||
| 245 |
_aMessago to All Nations.Printed in the united states of america / _cJesus Christ. |
||
| 264 |
_aAmerica : _b? _c2012. |
||
| 300 |
_a854 p.; _c24 cm. |
||
| 653 | _aMessago to All Nations.Printed in the united states of america | ||
| 942 |
_cBK _2udc |
||